000 00577nam a2200181Ia 4500
001 2312
005 20260306144757.0
008 260306t2014||||xx |||||||||||||| ||spa||
041 _aESP
082 _a616.8585
_bF317
100 _aFarrell, Joan M.
_eAUT
245 0 _aTerapia de grupo centrada en esquemas para el tratamiento del trastorno límite de la personalidad:
_bmanual de tratamiento simple y detallado con cuaderno de trabajo para el paciente
260 _c2014
300 _a410 páginas :
_c21 cm.
650 _aGEN
654 _aCPS
942 _cLIB
_dJUS
_fJUS
_2ddc
_n
999 _c2312
_d2312